000
00315nam a22001337a 4500
020
_a
1-84255-067-5
082
_a
823
_b
SIM/H
100
_a
FRANCESCA SIMON
245
_a
HORRID HENRY'S UNDERPANTS
260
_a
UNITED KINGDOM
_b
ORION
_c
2003
300
_a
85
650
_a
CHILDRENS STORY BOOK
_z
UNITED KINGDOM
942
_c
BK
999
_c
66
_d
66